Problemas de cobertura asociados a la tecnología móvil GSM y propuestas de solución
Guardado en:
| Hovedforfatter: | |
|---|---|
| Format: | Bog |
| Udgivet: |
[San José, Costa Rica]
2006
|
| Fag: | |
| Tags: |
Tilføj Tag
Ingen Tags, Vær først til at tagge denne postø!
|
MARC
| LEADER | 00000nam a2200000Ia 4500 | ||
|---|---|---|---|
| 003 | 009873 | ||
| 005 | 20221231144110.0 | ||
| 008 | 140114s2006 cr a 000 ||s d | ||
| 040 | |c cru CEDI | ||
| 090 | |a TFG 5400 | ||
| 100 | |a Rodríguez Benavides, José Rafael |9 4973 | ||
| 245 | |a Problemas de cobertura asociados a la tecnología móvil GSM y propuestas de solución | ||
| 260 | |c 2006 |b [San José, Costa Rica] | ||
| 300 | |a xii, 84 hojas; ilustraciones a color, 1 mapa | ||
| 500 | |a Proyecto de graduación (bachillerato en ingeniería eléctrica)--Universidad de Costa Rica. Facultad de Ingeniería. Escuela de Ingeniería Eléctrica | ||
| 650 | |x TELEFONIA CELULAR |x SISTEMAS MOVILES DE COMUNICACION |x TORRES |9 4974 | ||
| 942 | |c TFG | ||
| 999 | |c 16875 |d 16875 | ||
